Ritoričeskie priemy Firdausi

Elmentve itt :
Bibliográfiai részletek
Szerző: Rypka Jan
Dokumentumtípus: Cikk
Megjelent: AN SSSR Moskva;Leningrad 1960
Sorozat:Issledovaniâ po istorii kul'tury narodov vostoka : Sbornik v čest' akademika I. A. Orbeli
Kulcsszavak:Firdawsī, 10. sz., perzsa költő
Tárgyszavak:
Online Access:http://misc.bibl.u-szeged.hu/65702
LEADER 00823nab a2200229 i 4500
001 misc65702
005 20230609150451.0
008 230609s1960 hu o 0|| rus d
040 |a SZTE Miscellanea Repozitórium  |b hun 
041 |a rus 
100 1 |a Rypka Jan 
245 1 0 |a Ritoričeskie priemy Firdausi  |h [elektronikus dokumentum] /  |c  Rypka Jan 
260 |a AN SSSR  |b Moskva;Leningrad  |c 1960 
300 |a [6] p.  |c 27 cm 
490 0 |a Issledovaniâ po istorii kul'tury narodov vostoka : Sbornik v čest' akademika I. A. Orbeli 
561 |a Poór Imre hagyaték 
591 |a NOP 4971; LOP 3294 
650 4 |a Bölcsészettudományok 
650 4 |a Nyelvek és irodalom 
650 4 |a Nyelvészet 
695 |a Firdawsī, 10. sz., perzsa költő 
856 4 0 |u http://misc.bibl.u-szeged.hu/65702/1/4971_nop.pdf  |z Dokumentum-elérés